000
00317nam a22001217a 4500
008
180518b xxu||||| |||| 00| 0 eng d
041
_a
eng
080
_a
043.3
100
_a
0
101
_a
MBE-BTH
245
_a
Qeverisja e korporatave si mekanizëm për nxitjen e zhvillimit Ekonomik
_c
Shllaku,Sh
942
_2
udc
_c
BK
999
_c
45980
_d
45980